| 000 | 00437nam a2200157 4500 | ||
|---|---|---|---|
| 001 | 119801 | ||
| 003 | ES-MaACL | ||
| 005 | 20230906191411.0 | ||
| 007 | t| | ||
| 008 | 070214s1961 sp r ||||1| spa d | ||
| 100 | 1 |
_aPérez y Pérez, Rafael. _991222 |
|
| 245 | 1 | 0 |
_aAquella mujer _b: novela / _cRafael Pérez y Pérez. |
| 260 |
_aBarcelona : _bJuventud, _c1961. |
||
| 300 |
_a208 p. ; _c20 cm. |
||
| 852 |
_aES-MaACL _jC-20268 _bR.48645 |
||
| 999 |
_c119801 _d119801 |
||